000 00396pab a2200181 454500
008 180718b2012 xxu||||| |||| 00| 0 eng d
100 _aKaur, Roop Kamal
245 _aDowry and women convicts
260 _c2012
300 _ap.53-69.
362 _aJul-Sept
650 _aCrime
650 _aWomen
650 _aDowry
773 _aIndian Police Journal
908 _aN
909 _a98716
999 _c98715
_d98715